Statistics for Countries Closest to Palestine A-Z

Click here to take the quiz!

General Stats

  • This quiz has been taken 475 times
  • The average score is 17 of 24

Answer Stats

LetterCountry% Correct
IIsrael
95%
JJordan
91%
EEgypt
90%
SSyria
90%
YYemen
90%
OOman
89%
QQatar
89%
LLebanon
87%
TTurkey
87%
ZZambia
80%
AArmenia
76%
CCyprus
76%
UUnited Arab Emirates
76%
BBahrain
73%
KKuwait
73%
GGreece
69%
FFrance
62%
RRussia
62%
VVatican City
61%
DDjibouti
58%
HHungary
56%
MMacedonia
37%
NNiger
35%
PPoland
35%

Score Distribution

Percentile by Number Answered

Percent of People with Each Score

Your Score History

You have not taken this quiz